000 00620nam a22002417a 4500
003 OSt
005 20251212142308.0
008 210225b ||||| |||| 00| 0 eng d
020 _a9788185015538
082 _a531
_bG57C
100 _aGoldstein, Herbert
245 _aClassical mechanics
_cby Herbert Goldstein
250 _a2nd ed.
260 _aNew Delhi
_bNarosa Publishing
_c2018
300 _axviii, 684p.
_bPaperback
546 _aEnglish
650 _aMechanics, Analytic
650 _aMathematics
650 _aMechanical engineering
650 _aPhysics
650 _aEngineering
942 _2ddc
_cBK
999 _c24072
_d24072